El clasicismo en la arquitectura mexicana : 1524-1784 /

Salvato in:
Dettagli Bibliografici
Autore principale: Cortés Rocha, Xavier (autor)
Altri autori: Tamés y Batta, Jorge (presentación) (presentación)
Natura: Libro
Lingua:spagnolo
Pubblicazione: México : UNAM, Facultad de Arquitectura : Miguel Angel Porrúa, 2007, c2007
Soggetti:
Tags: Aggiungi Tag
Nessun Tag, puoi essere il primo ad aggiungerne!!

MARC

LEADER 00000nam^a2200000^a^4500
001 000456277
005 20250521000000.0
009 20260526145614.499
020 |a 978-970-701-885-3 
037 |a Acervo ITESO - Biblioteca 
041 |a ESP 
082 |a 720. 97203  |b COR 
100 |a Cortés Rocha, Xavier  |e (autor) 
245 1 3 |a El clasicismo en la arquitectura mexicana :  |b 1524-1784 /  |c X. Cortés Rocha ; presen. de J. Tamés y Batta. 
264 4 |a México :  |b UNAM, Facultad de Arquitectura :  |b Miguel Angel Porrúa,  |c 2007, c2007 
336 |a texto  |b txt  |2 rdacontenido 
337 |a sin mediación  |b n  |2 rdamedio 
338 |a volumen  |b nc  |2 rdasoporte 
521 |a FIL 2018 DIA 
649 |a XX 
650 |a Estética 
650 |a Clasicismo (Canon Estético) -  |x Tema Principal 
650 |a Arquitectura Clásica -  |x Historia y Crítica 
650 |a Arquitectura Clásica -  |x Tema Principal 
650 |a Arquitectura Clásica -  |x Teoría 
650 |a Arquitectura Mexicana -  |y Epoca Colonial, 1517-1821 -  |x Tema Principal 
650 |a Arquitectura Mexicana -  |x Historia y Crítica 
650 |a Arquitectura -  |x Filosofía 
650 |a Arquitectura -  |x Teoría 
650 |a Arte Clásico -  |x Historia y Crítica 
650 |a Arte Clásico -  |x Teoría 
650 |a Arte -  |x Teoría 
650 |a México -  |x Historia -  |y Epoca Colonial, 1517-1821 
700 |a Tamés y Batta, Jorge  |e (presentación) 
910 |a Fondo General 
920 |a Impresos - Libros 
930 |a Reserva Especial 
905 |a 103 
901 |a 0500312952  |b IT1  |c REE  |i C164625  |u 20250521 
902 |a https://opac.biblio.iteso.mx/vufind/Record/000456277